000 00986nmm a2200301 a 4500
001 ocm0001917264
003 TR-IsHL
005 20201028173121.0
008 180905s2018 tu tur
007 cr cn
020 _a9786059530316
035 _a1917264
_b(N$T)
050 0 4 _aPQ2469.T7
_bD5 2018
090 0 4 _aPQ2469.T7
_bD5 2018
100 1 _aVerne, Jules
245 1 0 _a80 Günde dünya turu
_h[electronic resource] /
_cJules Verne ; İngilizceden çeviren Murat Demirekin
250 _a1. basım
260 _aİstanbul :
_bSalon Yayınları,
_c2018
300 _a253 p.
500 _aÖzgün Adı: Around The World in 80 Days
_x
650 4 _aDil ve Edebiyat
650 4 _aLanguage and Literature
650 0 _aFransız romanı
650 0 _aFrench fiction
650 7 _aJUV068000- JUVENILE FICTION / Travel
_2bisacsh
700 1 _aDemirekin, Murat
856 4 0 _uhttp://search.ebscohost.com/login.aspx?direct=true&scope=site&db=e011xww&AN=1917264
999 _c17538
_d17538